Datum a čas kvízu
21
Celkem bodů
Celkový počet nahraných bodů na tomto kvízu bez doplňovacích otázek.
8.
Pořadí na kvízu
Konečné umístění týmu na tomto kvízu.
Zaznamenané odpovědi
| # | Otázka | Odpověď | Body | Výsledky |
|---|---|---|---|---|
| 1. | Ručně a stručně vyřešila své p... | v Brně | 0 | |
| 2. | Obyvatelé jisté země schválili... | v Kataru | 1 | |
| 3. | Minulý týden byl zveřejněn tea... | Marty Pohl, Řezník | 0.5 | |
| 4. | Minulý týden jsme se dozvěděli... | 5 000 Kčs | 0 | |
| 5. | V úterý byly zveřejněny podrob... | Tadej Pogačar, Spojené arabské emiráty | 0.5 | |
| 6. | Napište názvy dvou filmů Zacka... | 300: Bitva u Thermopyl, 300: Vzestup říše | 1 | |
| 7. | Přiřaďte následující herce k p... | 1C 2A 3B 4D | 0 | |
| 8. | Německý film režiséra Edwarda... | Na západní frontě klid, Erich Maria Remarque | 0 | |
| 9. | Protektor je film režiséra Mar... | Jana Plodková, Marek Daniel | 0 | |
| 10. | Napište název filmu, z něhož p... | Četa (Platoon) | 0 |